000
00274nam a22001097a 4500
008
170105b xxu||||| |||| 00| 0 eng d
020
_a
9781416001034
041
_a
eng
080
_2
5TH
_a
618.2
245
_a
VIRTUAL CLINICAL EXCURSIONS
_c
IGNATAVCIUS & WORKMAN
942
_2
udc
_c
BK
999
_c
2571
_d
2571